| 000 | 00600nam a2200205 a 4500 | ||
|---|---|---|---|
| 008 | |||
| 020 | _a1873732171 (pbk.) | ||
| 049 | _aMAIN | ||
| 050 | 0 | 0 |
_aRC921.F4 _bWAA. |
| 100 | 1 | _aWaaldijk, Kees. | |
| 245 | 1 | 0 |
_aStep-by-step surgery of vesicovaginal fistulas / _ckees Waaldijk. |
| 260 |
_akano : _bBabbar Ruga fistula Hospital, _cc1994. |
||
| 300 |
_a103 p. : _bill(some.col.) ; _c25 cm. |
||
| 650 | 2 | _aCommunity Health Services. | |
| 907 |
_a.b10263603 _b27-07-12 _c22-06-09 |
||
| 003 | |||
| 005 | 20230120204015.0 | ||
| 040 | _cNUST | ||
| 942 | _cBOOKS | ||
| 999 |
_c115454 _d115454 |
||